00341nam a2200121Ia 4500008004100000041000800041082001200049100001800061245004500079260005500124300003100179365000900210240624s9999 xx 000 0 und d aeng a330 PES aPESEK WILLIAM aJAPANIZATION WHAT THE WORLD CAN LEARN FR c2014aSingaporebBloomberg Press/John Wiley & Sons axiv, : 226 : p. : cm. ; 23 cb25